| 000 | 01254nam a22002897a 4500 | ||
|---|---|---|---|
| 999 |
_c117582 _d117582 |
||
| 003 | dpl | ||
| 005 | 20190606115640.0 | ||
| 008 | 190606b ||||| |||| 00| 0 eng d | ||
| 010 | _aB-038479 | ||
| 020 |
_c100.00 _a8185826838 |
||
| 035 | _aB-038479, B-038483 | ||
| 037 | _bCen Lib/Ret | ||
| 040 |
_aDPL _bHN _c0 |
||
| 082 |
_a822 _bमिश्रवि |
||
| 100 |
_aमिश्र, विजय _975552 |
||
| 245 |
_aतट निरंजना / _cविजय मिश्र;अनुवादक राजेंद्र प्रसाद मिश्र |
||
| 246 |
_aTat niranjana / _bby Vijay Mishra;anuvadak Rajendra Prasad Mishra |
||
| 260 |
_aनई दिल्ली _bग्रंथ अकादमी _c2001 |
||
| 270 |
_a1686, पुराना दरियागंज _bनई दिल्ली _e110002 |
||
| 300 |
_a18पृ. _c21सेमी(सजिल्द) |
||
| 650 |
_aहिन्दी साहित्य _975553 |
||
| 650 |
_aहिन्दी -- नाटक _91413 |
||
| 650 |
_aHindi literature _975554 |
||
| 650 |
_aHindi - drama _975555 |
||
| 700 |
_aमिश्र, राजेंद्र प्रसाद _942583 |
||
| 942 |
_2ddc _cHN _h822 _mमिश्रवि |
||